Zkušenosti z liberalizace pohybu kapitálu nových členských zemí OECD

Stručný pohľad na historické uplatňovanie liberalizácie. Konkrétne výsledky procesu liberalizácie nových členských krajín OECD. Mexiko. Česká republika. Maďarsko. Kórea. Poľsko. Slovensko.

Gespeichert in:
Bibliographische Detailangaben
1. Verfasser: Křelinová, Jana
Format: Buchkapitel
Sprache:Tschechisch
Schlagworte:
Tags: Tag hinzufügen
Keine Tags, Fügen Sie das erste Tag hinzu!

MARC

LEADER 00000naa a2200000 4500
001 r044568
005 20231004105144.9
041 0 |a cze 
044 |a CZ 
245 1 0 |a Zkušenosti z liberalizace pohybu kapitálu nových členských zemí OECD  |c Jana Křelinová 
520 |a Stručný pohľad na historické uplatňovanie liberalizácie. Konkrétne výsledky procesu liberalizácie nových členských krajín OECD. Mexiko. Česká republika. Maďarsko. Kórea. Poľsko. Slovensko. 
610 2 0 |a liberalizácia 
610 2 0 |a pohyb kapitálu 
610 2 0 |a globalizácia 
610 2 0 |a Mexiko 
610 2 0 |a Kórea 
610 2 0 |a Česko 
610 2 0 |a Maďarsko 
610 2 0 |a Slovensko 
610 2 0 |a Poľsko 
610 2 0 |a OECD 
100 1 |a Křelinová, Jana